000 00459nam a2200205Ia 4500
999 _c99604
_d99604
003 0100
005 20170608145645.0
008 130307s9999 xx 000 0 und d
020 _a1592210171
040 _cARRUPELIB
050 _aDT15.A365 2002
245 4 _aThe Afrocentric paradigm
260 _bAfrica World Press
_aTrenton, NJ
_c2003
300 _a293p.
300 _b23cm
650 _aAfrocentrism
_932353
700 _aMazama, Ama (ed.)
_932400
942 0 0 _013
_2lcc
_cMONOGRAPH